000 00715cam a2200289 4500
001 J1194
008 090401t1992 xxu||||| |||| 00| 0 eng d
035 _a(Sirsi) u42281
041 _aeng
050 _a333.3309426
110 _aBidwells
_92678
245 _a1992-93 review.
260 _aCambridge
_bBidwells
_c1992
300 _a16p. : ill. ; 30cm.
350 _a0
650 _aBUSINESS PARKS
650 _aEAST ANGLIA
650 _aFARM LAND
650 _aHISTORIC BUILDING
650 _aProperty management
_96262
650 _aPROPERTY MARKET
650 _aRESIDENTIAL PROPERTY
_96266
650 _aSCOTLAND
690 _aPROPERTY-COMMERCIAL PROPERTY
942 _n0
948 _c04/03/1997
999 _c91059
_d91059